|
|
|
|
| LEADER |
00000nam0a2200000 4500 |
| 001 |
336120 |
| 005 |
20231102004825.0 |
| 035 |
|
|
|a (RuTPU)RU\TPU\book\362536
|
| 090 |
|
|
|a 336120
|
| 100 |
|
|
|a 20171010d1953 k y0rusy50 ca
|
| 101 |
0 |
|
|a rus
|
| 102 |
|
|
|a UA
|
| 105 |
|
|
|a y dm 000zy
|
| 200 |
1 |
|
|a Кинетика полярографического восстановления некоторых альдегидов и кетонов в связи с процессами в приэлектродном слое
|e автореферат диссертации на соискание ученой степени кандидата химических наук
|f А. И. Черников
|g Днепропетровский химико-технологический институт (ДХТИ) ; науч. рук. М. А. Лошкарев
|
| 210 |
|
|
|a Днепропетровск
|c [Б. и.]
|d 1953
|
| 215 |
|
|
|a 11 с.
|
| 300 |
|
|
|a Защита сост. в январе 1954 г.
|
| 606 |
1 |
|
|a Электрохимическое восстановление
|2 stltpush
|3 (RuTPU)RU\TPU\subj\70833
|9 85003
|
| 610 |
1 |
|
|a физическая химия
|
| 610 |
1 |
|
|a полярографическое восстановление
|
| 610 |
1 |
|
|a альдегиды
|
| 610 |
1 |
|
|a приэлектродные процессы
|
| 610 |
1 |
|
|a кинетика
|
| 610 |
1 |
|
|a авторефераты диссертаций
|
| 610 |
1 |
|
|a библиотека А. Г. Стромберга
|
| 675 |
|
|
|a 544.653.2/.3(04)
|v 4
|
| 700 |
|
1 |
|a Черников
|b А. И.
|
| 702 |
|
1 |
|a Лошкарев
|b М. А.
|4 727
|
| 712 |
0 |
2 |
|a Днепропетровский химико-технологический институт (ДХТИ)
|c (1930-1993)
|2 stltpush
|3 (RuTPU)RU\TPU\col\11452
|
| 801 |
|
1 |
|a RU
|b 63413507
|c 20171010
|
| 801 |
|
2 |
|a RU
|b 63413507
|c 20180129
|g RCR
|
| 942 |
|
|
|c BK
|